Normal view
MARC view
Entry Personal Name
001 - CONTROL NUMBER
- control field: 945
003 - CONTROL NUMBER IDENTIFIER
- control field: OSt
005 - DATE AND TIME OF LATEST TRANSACTION
- control field: 20190131151102.0
008 - FIXED-LENGTH DATA ELEMENTS
- fixed length control field: 190131|| aca||aabn | a|a d
040 ## - CATALOGING SOURCE
- Original cataloging agency: OSt
- Transcribing agency: OSt
100 ## - HEADING--PERSONAL NAME
- Personal name: Saikia, Makhan
670 ## - SOURCE DATA FOUND
- Source citation: Work cat.: (OSt)446383: Saikia, Makhan, Globalization and intellectual property rights : a comparative study of the patent governance systems of India and the European Union (EU), 2017
